| 000 | 00541nam a2200169 i 4500 | ||
|---|---|---|---|
| 001 | 82386 | ||
| 003 | ES-MaACL | ||
| 007 | t| | ||
| 008 | 041110s1975 sp ||||1| spa d | ||
| 245 | 0 | 0 |
_aInflación _b: textos escogidos / _cintroducción y selección por R.J. Ball y Peter Doyle ; [traducción por Josefa Sánchez]. |
| 260 |
_aMadrid : _bTecnos, _c[1975] |
||
| 300 |
_a289 p. ; _c24 cm. |
||
| 700 | 1 |
_aBall, R. J. _924954 |
|
| 700 | 1 |
_aDoyle, Peter. _945554 |
|
| 700 | 1 |
_aSánchez, Josefa. _9102388 |
|
| 852 |
_aES-MaACL _jE-6850 _bR.91290 |
||
| 999 |
_c82386 _d82386 |
||